LEADER 01252cam0 22003013 450 001 SON0004094 005 20220715093718.0 010 $a8814051682 100 $a20010131d1995 |||||ita|0103 ba 101 $aita 102 $aIT 200 1 $aFormulario commentato di contrattualistica commerciale Germania-Italia$eformulario bilingue contenente i contratti d'impresa più usati in Germania con annotazioni e commenti$fRodolfo Dolce, Gianni Corradini, Brigitte Romani 210 $aMilano$cGiuffrè$d1995 215 $aXVIII, 653 p.$d23 cm 225 2 $aCollana di contrattualistica commerciale 410 1$1001LAEC00015129$12001 $a*Collana di contrattualistica commerciale 700 1$aDolce$b, Rodolfo$3AF00008761$4070$0281390 701 1$aCorradini, Gianni$3AF00003383$4070$0253233 701 1$aRomani, Brigitte$3AF00019616$4070$0281391 801 0$aIT$bUNISOB$c20220715$gRICA 850 $aUNISOB 852 $aUNISOB$j340$m94633 912 $aSON0004094 940 $aM 102 Monografia moderna SBN 941 $aM 957 $a340$b001840$gSI$d94633$rACQUISTO$1bethb$2UNISOB$3UNISOB$420130219110137.0$520130219110156.0$6bethb 996 $aFormulario commentato di contrattualistica commerciale Germania-Italia$9671013 997 $aUNISOB LEADER 01571nam 2200409 a 450 001 9910696911103321 005 20230902161728.0 035 $a(CKB)5470000002383785 035 $a(OCoLC)567643071 035 $a(EXLCZ)995470000002383785 100 $a20100323d1997 ua 0 101 0 $aeng 135 $aurbn||||||||| 181 $ctxt$2rdacontent 182 $cc$2rdamedia 183 $acr$2rdacarrier 200 10$aAviation$b[electronic resource] $ememorandum of cooperation between the United States of America and Chile signed at Washington and Santiago, July 11, 1997, with annex 210 1$a[Washington, D.C.] :$cU.S. Dept. of State,$d[1997?] 215 $a1 electronic resource (13 pages) 225 1 $aTreaties and other international acts series ;$v12875 300 $aTitle from title screen (viewed on Mar. 23, 2010). 320 $aIncludes bibliographical references. 410 0$aTreaties and other international acts series ;$v12875. 517 $aAviation 606 $aAeronautics, Commercial$zUnited States$xManagement 606 $aAeronautics, Commercial$zChile$xManagement 606 $aAeronautics, Commercial$xManagement$xInternational cooperation 615 0$aAeronautics, Commercial$xManagement. 615 0$aAeronautics, Commercial$xManagement. 615 0$aAeronautics, Commercial$xManagement$xInternational cooperation. 712 02$aUnited States.$bDepartment of State. 801 0$bGPO 801 1$bGPO 906 $aBOOK 912 $a9910696911103321 996 $aAviation$9799860 997 $aUNINA